000 00636nam a2200241Ia 4500
003 OSt
005 20221005125928.0
006 a|||||r|||| 00| 0
007 ta
008 221004b |||||||| |||| 00| 0 eng d
024 _a30501
037 _cTextual
040 _aCRL
_cCRL
_beng
041 _2eng
_aeng
082 _aM2p4:N70, L0
110 _aAsian writer's conference (Taipei) (1970) .
_9637338
245 0 _aProceedings
260 _c1970
650 _aINDUSTRIAL ARTS
700 _aAsian writer's conference (Taipei) (1970) .
_9637339
942 _hM2p4:N70, L0
_cTEXL
_2cc
999 _c1055540
_d1055540